| 000 | 00482nam a22001697a 4500 | ||
|---|---|---|---|
| 003 | URS | ||
| 005 | 20250217210726.0 | ||
| 020 | _a9786214092246 | ||
| 040 | _cURS | ||
| 050 | _aFIL BF 721 .P156 2024 | ||
| 100 |
_4author _aPalean, Erland D. |
||
| 245 | _aUnderstanding the self : new normal edition / Erland D. Palean. | ||
| 260 |
_aMandaluyong, Philippines ; _bBooks Atbp, _c2024 |
||
| 300 | _ax, 288 p : 25 cm | ||
| 504 | _aIncludes bibliographical references. | ||
| 942 |
_2lcc _cF |
||
| 999 |
_c82106 _d82105 |
||